Pascalov zákon

Bibliographic Details
Main Author: Čejka, Jaroslav, 1943-2025 (Author)
Other Authors: Janovic, Tomáš, 1937-2023 (Translator)
Format: Article
Language:Slovak
Czech
Subjects:

MARC

LEADER 00000nab a2200000 a 4500
001 vtls000339838
003 SK-MaSNL
005 20260304032331.0
008 241209c1988 xo 0 slo
015 |a SNBRB19rr/mm-uuuuu 
035 |a CL0339960 
040 |a SNKBUCL  |b slo  |c SNKBUCL  |e AACR2 
041 1 |a slo  |h cze 
044 |a xo  |c SK 
080 |a 885.0-1  |2 1981 
100 1 |a Čejka, Jaroslav,  |d 1943-2025  |4 aut  |9 252800 
245 1 0 |a Pascalov zákon  |c Jaroslav Čejka ; preložil Tomáš Janovic 
500 |a Z knihy Čítanie z ruky 
655 7 |a články z novín a časopisov  |2 snkbucl  |9 267496 
655 7 |a články z odboru literárna veda a krásna literatúra  |2 snkbucl  |9 770045 
655 7 |a česká poézia  |2 snkbucl  |9 70569 
700 1 |a Janovic, Tomáš,  |d 1937-2023  |4 trl  |9 103580 
773 0 |t Život  |g Roč. 38, č. 44 (1988), s. 3 
850 |a Slovenská národná knižnica 
852 |a Slovenská národná knižnica 
958 |a RK 
958 |a CZ 
958 |a LX 
992 |a RBX 
999 |c 2642613  |d 2644543